Central Library OPAC University of Rajshahi

Radar foundations for imaging and advanced concepts / (Record no. 55598)

MARC details
000 -LEADER
fixed length control field 00990nam a2200289 a 4500
001 - CONTROL NUMBER
control field 55598
003 - CONTROL NUMBER IDENTIFIER
rucl marc code BD-RjUL
005 - DATE AND TIME OF LATEST TRANSACTION
control field 20211209080304.0
008 - FIXED-LENGTH DATA ELEMENTS--GENERAL INFORMATION
fixed length control field 161120s2004 ii ad b 001 0 eng c
020 ## - INTERNATIONAL STANDARD BOOK NUMBER
International Standard Book Number 1891121227 (pbk.)
035 ## - SYSTEM CONTROL NUMBER
System control number (BD-RjUL)55721
040 ## - CATALOGING SOURCE
Original cataloging agency DID
Transcribing agency DID
Modifying agency UNA
-- BD-RjUL
Language of cataloging eng
041 ## - LANGUAGE CODE
Language code of text/sound track or separate title eng
082 00 - DEWEY DECIMAL CLASSIFICATION NUMBER
Classification number 621.3848
Edition number 23
Author mark and year SUR 2004
100 1# - MAIN ENTRY--PERSONAL NAME
Personal name Sullivan, Roger J.
9 (RLIN) 165625
245 10 - TITLE STATEMENT
Title Radar foundations for imaging and advanced concepts /
Statement of responsibility, etc. Roger J. Sullivan
260 ## - PUBLICATION, DISTRIBUTION, ETC. (IMPRINT)
Place of publication, distribution, etc. New delhi :
Name of publisher, distributor, etc. SciTech Pub.,
Date of publication, distribution, etc. c2004.
300 ## - PHYSICAL DESCRIPTION
Pagination xxviii, 475 p. :
Illustrations ill. ;
Size 23 cm.
500 ## - GENERAL NOTE
General note Includes index.
650 #0 - SUBJECT ADDED ENTRY--TOPICAL TERM
Topical term or geographic name as entry element Radar.
9 (RLIN) 120418
Topical term or geographic name as entry element Microwaves.
9 (RLIN) 165626
Topical term or geographic name as entry element Synthetic aperture radar.
9 (RLIN) 165627
856 42 - ELECTRONIC LOCATION AND ACCESS
Materials specified Publisher description
Uniform Resource Identifier <a href="http://www.loc.gov/catdir/enhancements/fy0632/2006355104-d.html">http://www.loc.gov/catdir/enhancements/fy0632/2006355104-d.html</a>
Materials specified Table of contents only
Uniform Resource Identifier <a href="http://www.loc.gov/catdir/enhancements/fy0632/2006355104-t.html">http://www.loc.gov/catdir/enhancements/fy0632/2006355104-t.html</a>
942 ## - ADDED ENTRY ELEMENTS (KOHA)
Source of classification or shelving scheme Dewey Decimal Classification
Koha item type Books
Holdings
Lost status Source of classification or shelving scheme Damaged status Not for loan Collection code Permanent Location Current Location Shelving location Date acquired Source of acquisition Cost, normal purchase price Total Checkouts Full call number Date last seen Copy number Koha item type
  Dewey Decimal Classification     Non-fiction Central Library, University of Rajshahi Central Library, University of Rajshahi   14/05/2008 Dhaka paragon enterprises ltd. 295.00   621.3848 SUR 2004 20/11/2016 C-2 Books
  Dewey Decimal Classification   Not For Loan Non-fiction Central Library, University of Rajshahi Central Library, University of Rajshahi Reading Room 09/12/2021 Paragon Enterprises, Dhaka 295.00   621.3848 SUR 2004 01/04/2017 C-1 Books